Futuro urbanístico de Igualada /
Descripción Física:
Il·lustracions
Colección:
San Jorge,
; núm. 21 (gener 1956), pàg 74-76
Materias:
Urbanisme -- Igualada (Catalunya)
; Planificació regional -- Igualada
; Ordenació del territori -- Anoia (Catalunya)
Idioma:
Español
MARC
| LEADER | 00000naa a2200000 a 4500 | ||
|---|---|---|---|
| 003 | Arxiu | ||
| 005 | 20260324181043.0 | ||
| 008 | 160829s1956 spcaxx s spa c | ||
| 040 | |a AGDB | ||
| 100 | 1 | |a Baldrich i Tibau, Manuel, |d 1911-1966 |9 21224 | |
| 245 | 1 | 0 | |a Futuro urbanístico de Igualada / |c por Manuel Baldrich Tibau |
| 300 | |b Il·lustracions | ||
| 490 | |a San Jorge, |v núm. 21 (gener 1956), pàg 74-76 | ||
| 650 | 0 | |a Urbanisme |z Igualada (Catalunya) |9 33663 | |
| 650 | |a Planificació regional |x Igualada |9 33664 | ||
| 650 | 0 | |a Ordenació del territori |z Anoia (Catalunya) |9 41133 | |
| 773 | |g Núm. 21 (gener 1956), pàg 74-76 |t San Jorge. | ||
| 901 | |a Arxiu | ||
| 942 | |n 1 |2 udc |c ART | ||
| 952 | |0 0 |1 0 |4 0 |6 REV511 |7 1 |9 65578 |a Arxiu |b Arxiu |d 2023-03-13 |l 0 |o Rev-511 |r 2023-03-13 00:00:00 |w 2023-03-13 |y ARXIU |z També disponible a Rev-525 | ||
| 999 | |c 49944 |d 49944 | ||